In the land of buried tongues : (Record no. 151492)

MARC details
000 -LEADER
fixed length control field 00693nam a22001937a 4500
005 - DATE AND TIME OF LATEST TRANSACTION
control field 20180419115019.0
010 ## - LCCN (DPL NO)
LC control number ENG-122705
020 ## - INTERNATIONAL STANDARD BOOK NUMBER
Terms of availability 1095.00
International Standard Book Number 9780199474721
035 ## - SYSTEM CONTROL NUMBER
System control number EN-106237
037 ## - SOURCE OF ACQUISITION
Source of stock number/acquisition DBAD/PUB
082 ## - DEWEY DECIMAL CLASSIFICATION NUMBER
Classification number 809.933585492051
100 ## - MAIN ENTRY--PERSONAL NAME
Personal name Chaity Das
245 ## - TITLE STATEMENT
Title In the land of buried tongues :
Statement of responsibility, etc by Chaity Das
Remainder of title Testimonies and literary narratives of the war of liberation of bangladesh /
260 ## - PUBLICATION, DISTRIBUTION, ETC. (IMPRINT)
Place of publication, distribution, etc New Delhi
Name of publisher, distributor, etc Oxford University Press
Date of publication, distribution, etc 2017
270 ## - ADDRESS
Address YMCA Library Building, 1 Jai Singh Road,
City New Delhi
Postal code 110001
300 ## - PHYSICAL DESCRIPTION
Extent xix,338p.
Dimensions 22cm(Hb)
500 ## - GENERAL NOTE
General note Includes bibliographical and index
942 ## - ADDED ENTRY ELEMENTS (KOHA)
Source of classification or shelving scheme Dewey Decimal Classification
Item type English Books
Call number suffix CHA
Classification part 809.933585492051
Holdings
Withdrawn status Lost status Not for loan Collection code Home library Current library Date acquired Source of acquisition Cost, normal purchase price Full call number Barcode Copy number Cost, replacement price Koha item type
    Not For Loan Non-fiction D.B.Act.Division Patel Nagar 19/04/2018 DBAD/PUB 1095.00 809.933585492051 CHA EN-106237 1 1095.00 English Books

© Delhi Public Library
Hit Counter
free hit counter